000
00272nam a2200109Ia 4500
008
230907s9999||||xx |||||||||||||| ||und||
082
_a
599.9
_b
NEW
245
0
_a
Human perspectives units 1 & 2 :
260
_a
Cengage,
_b
Australia :
_c
2014
300
_a
370 p.
942
_c
BK
999
_c
601002
_d
601002